000
00306nam a22001217a 4500
008
160420b xxu||||| |||| 00| 0 eng d
020
_a
9780781762403
020
_a
07807817622403
041
_a
eng
080
_a
618.2
245
_a
Health Assessment in Nursing:
_c
Janet Weber;Jane Kelley;
942
_2
udc
_c
BK
999
_c
1464
_d
1464